000 00266nam a2200097Ia 4500
082 _a641.6959 LAGA
245 0 _aSugar & spice
100 _a Lagardien, Zainab Cape Town, South Africa, 2010
_947576
942 _cBK
008 210817s9999 xx 000 0 und d
999 _c155422
_d155421